-ina Names for Ladies Quiz Stats

 Plays Quiz Updated Jun 28, 2013

Challenge
Share
Tweet
Embed
Score 0/70 Timer 06:00
1 Play Today
Year Name % Correct
1950Tina
81.6%
1960Tina
81.6%
1970Tina
81.6%
1980Tina
81.6%
1880Christina
69.2%
1890Christina
69.2%
1900Christina
69.2%
1910Christina
69.2%
1920Christina
69.2%
1930Christina
69.2%
1940Christina
69.2%
1950Christina
69.2%
1960Christina
69.2%
1970Christina
69.2%
1980Christina
69.2%
1990Christina
69.2%
2000Christina
69.2%
2010Christina
69.2%
1900Angelina
63.2%
1910Angelina
63.2%
1920Angelina
63.2%
1930Angelina
63.2%
1940Angelina
63.2%
2000Angelina
63.2%
2010Angelina
63.2%
1960Gina
60.5%
1970Gina
60.5%
1980Gina
60.5%
1990Gina
60.5%
1880Lina
57.7%
1880Nina
55.3%
1890Nina
55.3%
1900Nina
55.3%
1910Nina
55.3%
1920Nina
55.3%
Year Name % Correct
1930Nina
55.3%
1940Nina
55.3%
1950Nina
55.3%
1960Nina
55.3%
1880Mina
49.1%
1890Mina
49.1%
1980Katrina
38.2%
1990Katrina
38.2%
1880Regina & Wilhelmina
33.6%
1950Kristina
33.3%
1980Kristina
33.3%
1990Kristina
33.3%
2000Kristina
33.3%
1890Regina
32.5%
1900Regina
32.5%
1910Regina
32.5%
1920Regina
32.5%
1930Regina
32.5%
1940Regina
32.5%
1950Regina
32.5%
1960Regina
32.5%
1970Regina
32.5%
1970Sabrina
26.4%
1990Sabrina
26.4%
2000Sabrina
26.4%
2010Sabrina
26.4%
2000Karina
19.8%
1890Wilhelmina
19.1%
1910Wilhelmina
19.1%
1940Edwina
11.2%
1930Josefina
8.4%
2010Valentina
7.1%
2010Alaina
4.7%
1900Alvina
4%
1920Alvina
4%

You're not logged in!

Compare scores with friends on all Sporcle quizzes.
OR
Log In

You Might Also Like...

Show Comments

Extras

Top Quizzes Today


Score Distribution

Your Account Isn't Verified!

In order to create a playlist on Sporcle, you need to verify the email address you used during registration. Go to your Sporcle Settings to finish the process.

Report this User

Report this user for behavior that violates our Community Guidelines.

Details: